000 00295nam a22001337a 4500
008 170526b xxu||||| |||| 00| 0 eng d
020 _a9780201846010
041 _aeng
080 _24TH
_a621
100 _a25
101 _aIM
245 _aGRAPHICS FOR ENGINEERS
_cEARLE,J.H
942 _2udc
_cBK
999 _c14307
_d14307